| 000 | | | 03811nmc2a22000003x 450 |
| 001 | | | 68367ff4-3674-470f-ab49-37380a573c2a |
| 005 | | | 20200203192720.0 |
| 100 | ## | $a | 20180208l18651865k l0rusy0189 ca |
| 101 | 0# | $a | rus |
| 102 | ## | $a | RU |
| 200 | 1# | $a | Дело по отношению директора Технологического института с представлением дела об убийстве дворовой девицы и обвинении в этом убийстве рядового служительской команды института Марковского |
| | $j | 19 мая - 13 сентября 1865 г. |
| 251 | ## | $c | Дело |
| 300 | ## | $a | Дело |
| 801 | #0 | $a | RU |
| | $b | РГИА |
| | $c | 20180208 |
| | $g | RCR |
| 801 | #1 | $a | RU |
| | $b | ГлавНИВЦ |
| | $c | 20180208 |
| | $2 | rusmarc |
| 801 | #2 | $a | RU |
| | $b | ПБ им. Б.Н. Ельцина |
| | $c | 20200203 |
| | $g | RCR |
| | $2 | rusmarc |
| 850 | ## | $a | РГИА |
| 852 | ## | $a | РГИА |
| | $e | Федеральное казенное учреждение "Российский государственный исторический архив" (РГИА) |
| | $j | 36 |
| 937 | ## | $h | РГИА |
| | $d | 12226766 |
| | $a | ASBIBLIO_SCAN |
| 462 | #0 | $1 | 00150f34fca-67e7-4716-8436-78199481152b |
| | $1 | 2001 |
| | $a | Дела по Санкт-Петербургскому технологическому институту за 1863-1877 годы |
| | $1 | 251 |
| | $c | Опись |
| | $1 | 852 |
| | $j | 158 |
| 461 | #0 | $1 | 001a74412a3-3cc5-4d21-8f0a-dfe2fbd9e72d |
| | $1 | 2001 |
| | $a | Департамент народного просвещения Министерства народного просвещения (1803-1917) |
| | $1 | 251 |
| | $c | Фонд |
| | $1 | 852 |
| | $j | 733 |
| 215 | ## | $a | 15 л. |
| | $d | 36,5х26 см |
| 371 | ## | $a | Документ не является опубликованным и широко распространяемым |
| 105 | ## | $a | y### |
| 122 | 2# | $a | d |
| 035 | ## | $a | 68367ff4-3674-470f-ab49-37380a573c2a |
| 856 | ## | $u | http://readingroom.main.prlib.ru/item.aspx?id_node=n138208259&mode=full |